Трон Люцифера: Критические очерки магии и оккультизма

Detalles Bibliográficos
Autor Principal: Парнов Е. И. Еремей Иудович
Idioma:ruso
Publicado: Москва, Политиздат, 1991
Edición:2-е изд., доп.
Subjects:
Formato: Libro
KOHA link:https://koha.lib.tpu.ru/cgi-bin/koha/opac-detail.pl?biblionumber=18844

MARC

LEADER 00000nam0a2200000 4500
001 18844
005 20231101205232.0
010 |a 525001108X 
035 |a (RuTPU)RU\TPU\book\18999 
035 |a BOOK00003687 
090 |a 18844 
100 |a 20011209d1991 m y0rusy50 ca 
101 0 |a rus 
102 |a RU 
105 |a a z 000сy 
200 1 |a Трон Люцифера  |e Критические очерки магии и оккультизма  |f Е. И. Парнов 
205 |a 2-е изд., доп. 
210 |a Москва  |c Политиздат  |d 1991 
215 |a 301 с.  |c ил. 
606 1 |a Наука и религия  |2 stltpush  |3 (RuTPU)RU\TPU\subj\45089  |9 64351 
610 1 |a религия 
610 1 |a магия 
610 1 |a мистика 
610 1 |a оккультизм 
610 1 |a сатана 
610 1 |a Люцифер 
610 1 |a дьявол 
686 |a Э212.0  |v LBC/SL-A  |2 rubbk 
700 1 |a Парнов  |b Е. И.  |g Еремей Иудович 
801 0 |a RU  |b 63413507  |c 20011209  |g PSBO 
801 2 |a RU  |b 63413507  |c 20181120  |g PSBO 
942 |c BK